LEADER 03690nam 2200625 450 001 996198785003316 005 20230421044611.0 010 $a1-281-84272-9 010 $a9786611842727 010 $a3-527-61519-9 010 $a3-527-61518-0 035 $a(CKB)1000000000377150 035 $a(EBL)481704 035 $a(OCoLC)608693656 035 $a(SSID)ssj0000111877 035 $a(PQKBManifestationID)11125311 035 $a(PQKBTitleCode)TC0000111877 035 $a(PQKBWorkID)10080564 035 $a(PQKB)11161511 035 $a(MiAaPQ)EBC481704 035 $a(EXLCZ)991000000000377150 100 $a20160818h19951995 uy 0 101 0 $aeng 135 $aur|n|---||||| 181 $ctxt 182 $cc 183 $acr 200 00$aBioinformatics $efrom nucleic acids and proteins to cell metabolism : contributions to the conference on "Bioinformatics" October 9 to 11, 1995 Braunschweig, Germany /$fedited by Dietmar Schomburg, Uta Lessel 210 1$aWeinheim, [Germany] :$cVCH,$d1995. 210 4$dİ1995 215 $a1 online resource (208 p.) 225 1 $aGBF Monographs ;$vVolume 18 300 $aDescription based upon print version of record. 311 $a3-527-30072-4 320 $aIncludes bibliographical references at the end of each chapters. 327 $aBioinformatics : From Nucleic Acids and Proteins to Cell Metabolism; Contents; List of Authors; I. Biological Data Bases; An Integrated Services Approach to Biological Sequence Databases; II. DNA and RNA; Das Gensequenzanalysesystem DIANA; Statistical Analysis of DNA Sequences; A Consensus Match Scoring System that is Correlated with Biological Functionality; Algorithmic Representation of Large RNA Folding Landscapes; III. Protein Sequences and Structures; Statistical Significance of Local Alignments with Gaps; Classification of Local Protein Structural Motifs by Kohonen Networks 327 $aData set heterogeneities and their effects on the derivation of contact potential3D-Segmentierungstechniken und vektorwertige Bewertungsfunktionen fu?r symbolisches Protein-Protein-Docking; An Algorithm for the Protein Docking Problem; IV. From Molecules to Cell Metabolism; Force Field Minimization: Domain Decomposition, Positive Definite Functions, and Wavelets; A?hnlichkeitsanalyse biologisch aktiver Moleku?le mit durch Autokorrelationsvektoren trainierten selbstorganisierenden Karten; Algebraic Methods for the Analysis of Redundancy and Identifiability in Metabolic 13C-Labelling Systems 327 $aSimulation and Animation of Intracellular Diffusion 330 $aBioinformatics, in this context the application of computer science to biological problems, has become an indispensable part of any research in the biosciences. Rapid developments in gene sequencing, structure determination as well as rational protein engineering and design have made it necessary for biologists, chemists, and computer scientists to channel their expertise into large scale collaborative projects. This GBF Monograph gives a general overview of the latest versatile activities in bioinformatics:* Biological Data Bases* DNA and RNA* Protein Sequences and Structures< 410 0$aGBF monographs ;$vNumber 18. 606 $aDNA data banks$vCongresses 606 $aCytology$xDatabases$vCongresses 615 0$aDNA data banks 615 0$aCytology$xDatabases 676 $a572.60285 676 $a572.80285 702 $aSchomburg$b D$g(Dietmar), 702 $aLessel$b Uta 801 0$bMiAaPQ 801 1$bMiAaPQ 801 2$bMiAaPQ 906 $aBOOK 912 $a996198785003316 996 $aBioinformatics$9377951 997 $aUNISA LEADER 06298nam 2200697 450 001 9910131621903321 005 20230807221714.0 010 $a1-118-89921-0 010 $a1-119-14968-1 010 $a1-118-89926-1 035 $a(CKB)3710000000468821 035 $a(EBL)2006105 035 $a(SSID)ssj0001543429 035 $a(PQKBManifestationID)16135220 035 $a(PQKBTitleCode)TC0001543429 035 $a(PQKBWorkID)13612922 035 $a(PQKB)11425884 035 $a(PQKBManifestationID)15113589 035 $a(PQKBWorkID)13245980 035 $a(PQKB)24435694 035 $a(MiAaPQ)EBC4039657 035 $a(DLC) 2015025295 035 $a(MiAaPQ)EBC2006105 035 $a(Au-PeEL)EBL4039657 035 $a(CaPaEBR)ebr11113138 035 $a(CaONFJC)MIL826449 035 $a(OCoLC)911921073 035 $a(Au-PeEL)EBL2006105 035 $a(EXLCZ)993710000000468821 100 $a20151110h20152015 uy 0 101 0 $aeng 135 $aur|n|---||||| 181 $ctxt 182 $cc 183 $acr 200 10$aData-driven design and construction $e25 strategies for capturing, analyzing, and applying building data /$fRandy Deutsch, AIA, LEED AP 205 $a1st ed. 210 1$aHoboken, New Jersey :$cWiley,$d2015. 210 4$dİ2015 215 $a1 online resource (385 p.) 300 $aIncludes index. 311 $a1-118-89870-2 327 $aData-Driven Design and Construction; Contents; Foreword; Preface; Acknowledgments; Introduction: Measuring the Immeasurable, Validating the Ineffable; Not One More Thing; Strategies for Practice; Benefits of Gathering, Analyzing, and Applying Building Data; Challenges of Gathering, Analyzing, and Applying Building Data; Strategy No. 1: Hone in on Key Information; Strategy No. 2: Demonstrating Works, Explaining Doesn't; PART I Why Data, Why Now?; Chapter 1 The Data Turn; Five Factors Leading to the Leveraging of Data and Industry Change; Strategy No. 3: Look Outside the Industry 327 $aCase Study Interview with Robert YoriStrategy No. 4: Not Big Data, Smart Data; Case Study Interview with Sean D. Burke; Data versus Documents; Case Study Interview with Jonatan Schumacher; Chapter 2 A Data-Driven Design Approach for Buildings; Five Trends Leading to the Rise of Data in the AECO Industry; Strategy No. 5: Eight Questions to Ask for Data Preparedness; Case Study Interview with Zigmund Rubel; Data-Centric Approaches; Case Study Interview with Andrew Heumann; Strategy No. 6: Four Steps toward Making the Change to Be More Data-Centric; Strategy No. 7: Ask Good Questions 327 $aCase Study Interview with Jonathon BroughtonChapter 3 Learning from Data; Five Factors Ensuring Data Preparedness; Training, Learning, and Working with Data; Case Study Interview with Brian Ringley; Strategy No. 8: Play with Data; Case Study Interview with Toru Hasegawa; Case Study Interview with Aimee Buccellato; PART II Capturing, Analyzing, and Applying Building Data; Chapter 4 Capturing and Mining Project Data; Public Sources of Data; Case Study Interview with Ryan Mullenix; Private Data Sources; Case Study Interview with Sam Miller; Having a Data Collection Strategy 327 $aStrategy No. 9: Create a Data Collection StrategyCase Study Interview with Gregory Janks; Strategy No. 10: First Steps to Becoming Data-Centric; Chapter 5 Analyzing Data; Analysis versus Analytics; Strategy No. 11: First Steps in Applying Data Analysis; Predictive Analytics; Case Study Interview with Mads Jensen; Strategy No. 12: Two Ways to Think about Energy Analysis; Strategy No. 13: Analysis for Sustainable Design; Case Study Interview with Chris Pyke, PhD; Strategy No. 14: How Analysis Informs Decision Making; Strategy No. 15: Start Simple, Technology Optional 327 $aStrategy No. 16: Leverage Data as Means to an EndCase Study Interview with Brendon Levitt; Dhour Case Study; Chapter 6 Applying Data; First Steps; Strategy No. 17: First Steps Before Applying Data; Strategy No. 18: Plan for the Data; Case Study Interview with Billie Faircloth; Data-Enabled Project Teams; Strategy No. 19: Should the Data Team Be Integrated or Stationed in the Corner?; Case Study Interview with Andrew Witt; Data-Intensive Roles; Strategy No. 20: Computer Scientist vs. Emerging Professional; Case Study Interview with Greig Paterson; Leadership in Data 327 $aPART III What Data Means for You, Your Firm, Profession, and Industry 330 $a""In this comprehensive book, Professor Randy Deutsch has unlocked and laid bare the twenty-first century codice nascosto of architecture. It is data. Big data. Data as driver.This book offers us the chance to become informed and knowledgeable pursuers of data and the opportunities it offers to making architecture a wonderful, useful, and smart art form." --From the Foreword by James Timberlake, FAIA Written for architects, engineers, contractors, owners, and educators, and based on today's technology and practices, Data-Driven Design and Construction: 25 Strategies for Capturing, Applying and Analyzing Building Data addresses how innovative individuals and firms are using data to remain competitive while advancing their practices. seeks to address and rectify a gap in our learning, by explaining to architects, engineers, contractors and owners--and students of these fields--how to acquire and use data to make more informed decisions. documents how data-driven design is the new frontier of the convergence between BIM and architectural computational analyses and associated tools. is a book of adaptable strategies you and your organization can apply today to make the most of the data you have at your fingertips. Data-Driven Design and Construction was written to help design practitioners and their project teams make better use of BIM, and leverage data throughout the building lifecycle"--$cProvided by publisher. 606 $aBuilding$xData processing 615 0$aBuilding$xData processing. 676 $a720.285 686 $aARC015000$2bisacsh 700 $aDeutsch$b Randy$0906872 801 0$bMiAaPQ 801 1$bMiAaPQ 801 2$bMiAaPQ 906 $aBOOK 912 $a9910131621903321 996 $aData-driven design and construction$92028542 997 $aUNINA